Zběh /

S výchovnou tendencí psaný příběh zběha z naší armády. Po bludném putování plném ukrývání, strachu a strádání pozná nesmyslnost svého činu i záměru uprchnout do ciziny a vrací se k svému útvaru, aby se podrobil zaslouženému trestu.

Main Author: Jelínek, Václav, 1932-1979
Other Authors: Houska, Miroslav
Language: Czech
Published: Praha : Naše vojsko, 1965
Edition: 1. vyd.
Series: 365 (Naše vojsko)
Online Access: Digitalizovaný dokument
Physical Description: 119 s.
Book
Saved in:
LEADER 01316nam a22003132a 4500
001 000952308
003 CZ BrMZK
005 20091015133205.0
007 ta
008 090702s1965 xr a er|||||||||||cze d
015 |a cnb000121523 
035 |a (OCoLC)23774478 
040 |a ABA001  |b cze  |c CBA001  |d BOA001 
080 9 |a 885-32:355.11 
100 1 |a Jelínek, Václav,  |d 1932-1979  |7 jz8000468  |4 aut 
245 1 0 |a Zběh /  |c Václav Jelínek ; [ilustroval Miroslav Houska] 
250 |a 1. vyd. 
260 |a Praha :  |b Naše vojsko,  |c 1965 
300 |a 119 s. 
490 1 |a 365 ;  |v sv. 5 
520 |a S výchovnou tendencí psaný příběh zběha z naší armády. Po bludném putování plném ukrývání, strachu a strádání pozná nesmyslnost svého činu i záměru uprchnout do ciziny a vrací se k svému útvaru, aby se podrobil zaslouženému trestu. 
500 |a Dostupné též v digitální podobě v aplikaci Kramerius 
700 1 |a Houska, Miroslav  |7 jx20040624012  |4 ill 
830 0 |a 365 (Naše vojsko)  |0 s 
856 4 1 |u http://www.digitalniknihovna.cz/mzk/uuid/uuid:aff245e0-53e7-11e6-a5c5-005056827e51  |y Digitalizovaný dokument  |x NDK 
910 |a BOA001  |b 1-0534.777 
990 |a BK 
991 |b 200906 
996 6 |b 2619458478  |c 1-0534.777  |l MZK  |r Sklad / do 1 hodiny  |n 0  |w 001084165  |u 000010  |a 1  |e BOA001  |j MZK50  |s P